| 000 | | | 04033nmc2a22002533x 450 |
| 001 | | | 80ae3e71-a233-4426-9c7e-6c28cb4bc9ae |
| 005 | | | 20211109161042.0 |
| 100 | ## | $a | 20210714l15971833k l0rusy0189 ca |
| 101 | 0# | $a | rus |
| 102 | ## | $a | RU |
| 105 | ## | $a | y### |
| 122 | 2# | $a | d |
| 200 | 1# | $a | Записки неустановленных авторов: "Записка для составления законов российских"; "Мнение о верховной власти государя" |
| | $j | без даты |
| | $h | [Часть 2] |
| 215 | ## | $a | 35 л. |
| | $d | 36,5х26 см |
| 251 | ## | $c | Дело |
| 300 | ## | $a | Записки, проекты, доклады членов комиссии, ее корреспондентов (в том числе иностранных), должностных и частных лиц, составленные и присланные в комиссию для использования в трудах по кодификации законов и составлению нового кодекса законов |
| 300 | ## | $a | Копия с оригинала |
| 371 | ## | $a | Документ не является опубликованным и широко распространяемым |
| 461 | #0 | $1 | 001eedaa675-0877-4536-8c3c-f9d4e3f25fe5 |
| | $1 | 2001 |
| | $a | Комиссия составления законов при Государственном совете |
| | $1 | 251 |
| | $c | Фонд |
| | $1 | 852 |
| | $j | 1260 |
| 462 | #0 | $1 | 0017b257f6b-15f4-45b4-9269-1c15dadeccee |
| | $1 | 2001 |
| | $a | 1804-1826 гг. |
| | $1 | 251 |
| | $c | Опись |
| | $1 | 852 |
| | $j | 1 |
| 801 | #0 | $a | RU |
| | $b | РГИА |
| | $c | 20210714 |
| | $g | RCR |
| 801 | #1 | $a | RU |
| | $b | ГлавНИВЦ |
| | $c | 20210714 |
| | $2 | rusmarc |
| 801 | #2 | $a | RU |
| | $b | ПБ им. Б.Н. Ельцина |
| | $c | 20211109 |
| | $g | RCR |
| | $2 | rusmarc |
| 850 | ## | $a | РГИА |
| 852 | ## | $a | РГИА |
| | $e | Федеральное казенное учреждение "Российский государственный исторический архив" (РГИА) |
| | $j | 387 |
| | $l | копия с оригинала |
| 937 | ## | $h | РГИА |
| | $d | 12372337 |
| | $a | ASBIBLIO_SCAN |
| 035 | ## | $a | RusGRCC00031458 |
| 856 | ## | $u | http://readingroom.main.prlib.ru/item.aspx?id_node=n170249600&mode=full |